Révolution mexicaine - Personnalités photos - Statistiques

Statistiques générales
  • Ce quiz a été pris 12 fois
  • Le résultat moyen est 6 sur 8
Statistiques - réponses
Par images Réponse % Correct
Emiliano Zapata
100%
Pancho Villa
100%
Francisco I Madero
88%
Venustiano Carranza
88%
Porfirio Diaz
75%
Victoriano Huerta
63%
Lazaro Cardenas
25%
Miguel Aleman y Valdes
13%
Aucun quiz correspondant
Distribution des résultats
% des personnes avec chaque résultat
Percentile par nombre de réponses
Votre historique - résultats
Vous n’avez pas pris ce quiz